Quizzes
Events
Quiz Creation
Community
Videos
Private Events
Remove Ads
Sign In
Join for FREE
Feedback
Dark Mode
Quiz Categories
Sports
Geography
Music
Movies
Television
Just For Fun
Miscellaneous
History
Literature
Language
Science
Gaming
Entertainment
Religion
Holiday
For Kids
Quiz Lab
Recent
Popular Today
Quiz Kudos Today
Editor Picks
Curator Picks
Quizzes by...
Day
Popularity
Type
Ratings
Length
Year
Community
Subscriptions
Recent Discussions
Orange Saloon
Badges
Playlists
Quests
Create
Leaderboards
Showdown
Live 5
Trivia Bingo
Activity
Puzzle Library
Sporcle Events
Private Events
Virtual Trivia
Globe League
Become a Host
Pub Owners
SporcleCon
Opinionation
Our Games
Videos
Blog
Mobile Apps
Partnerships
Remove Ads and Go Orange
Feedback
Science
Computer
Plants
Astronomy
Chemistry
Elements
Math
Animal
Physics
Anatomy
Biology
Geology
General Science
Science
Computer
Plants
Astronomy
Chemistry
Elements
Math
Animal
Physics
Anatomy
Biology
Geology
General Science
Random Quiz
Search Sporcle
×
Quiz Lab
Quiz Lab
Science
life
Type in answers that appear in a list
Type in answers that appear in a list
Classic
Best Score? Go Orange.
Stages of Development Stats
Can you name the Stages of Development ?
By
babydoctor
10m
8 Questions
19 Plays
19 Plays
19 Plays
Comments
Comments
Give Quiz Kudos
Give Quiz Kudos
-
- Ratings
hide this ad
Forced Order
Answers have to be entered in order
Answers have to be entered in order
Random Order
Randomize order of answers
Randomize order of answers
Replay
Link that replays current quiz
Next Quiz
Link to next quiz in quiz playlist
You Got
0%
They Got
Avg Score
85%
Avg Friend Score
Upgrade to see
Score Distribution
Jump to the score distribution portion of the page
Score
0/8
Timer
10:00
0
Plays Today
Stage in Life
Psychosocial Crisis
% Correct
Infant: Birth -
18m = Basic Trust vs. _
_
_
_
_
Mistrust
94.7%
Preschooler: 3yrs-
5yrs = Initiative vs. _
_
_
_
_
Guilt
94.7%
Toddler: 18m-
3yrs = Autonomy vs. _
_
_
_
_
_
Shame
89.5%
Young Adult: 18yrs-
35yrs = Intimacy vs. _
_
_
_
_
_
Isolation
89.5%
Older Adult: 55yrs-
65yrs = Integrity vs. _
_
_
_
Despair
89.5%
School Age Child: 6yrs-
12yrs = Industry vs. _
_
_
_
_
_
Inferiority
84.2%
Adolescent: 12yrs-
18yrs = Identity vs. _
_
_
_
_
_
Role Confusion
84.2%
Middle-
Aged Adult: 35yrs-
65yrs = Generativity vs. _
_
_
_
_
Self absorption
57.9%
Quiz Playlist
Details
Report
Send in Message
Add To Playlist
Classic:
Type in answers that appear in a list
Forced Order:
Answers have to be entered in order
Random Order:
Randomize order of answers
Last Updated: Feb 16, 2017
Quiz Scoreboard
CHALLENGE
Sign Up to Join the Scoreboard
Show All
Scores
Hide
Comments
May contain spoilers
Recently Published
Alphabetical 'K' Countries by Flag Minefield
by ylime102
Geography
3m
Pick 6: Fruits
by JohnFran
Miscellaneous
15s
Click the 1999 NBA Draft
by nibperrychub
Sports
2m
More to Explore
Quiz From the Vault
Featured Blog Post
15 Basketball Trivia Facts You Can Be March Mad About
hide this ad
You Might Also Like...
Tags
crisis
Development
life
Psychosocial
stage
Today's Top Quizzes in Science
Browse Science
hide this ad
Today's Top Quizzes in life
Browse life
Top Contributed Quizzes in Science
1
Pick 6: Animals
2
Square Numbers Scrambled (1-50)
3
Label the heart
4
Group Clicking: Animals II
5
Trigonometric Exact Values
6
Flowers by Accent Chairs
7
Identify the Leukocytes (White Blood Cells)
8
Find the Spring Animals
9
Needlepoint Flowers
10
Organic Chemistry Faculty Quiz
Explore More
Trending Topics
Crossword
NBA
Kpop
Disney
Anime
Harry Potter
Marvel
WWE
Puzzle
NFL
Pokémon
Song
Country
The Office
Soccer
hide this ad
More By:
babydoctor
Quiz
Plays
Rating
Category
Featured
Created
Lower Limb Muscle Innervations
3,743
Science
Sep 17, 2011
Sensorineural Hearing Loss
1,850
Science
Nov 24, 2011
Congenital Heart Disease
696
5.00
Science
Mar 20, 2011
Lower Limb Anatomy
521
Science
Sep 16, 2011
Childhood Exanthems
443
Science
Apr 13, 2012
Go to Creator's Profile
Score Distribution
Quiz Creator Spotlight
babydoctor
Follow
Send a Message
Quizzes Created
-
Created Quiz Play Count
-
More By This Creator
Popular Quizzes Today
1
Find the US States - No Outlines Minefield
2
Countries of Asia Without Outlines Minefield
3
Pick 6: Fruits
4
The Countries of the World
5
Alphabetical 'K' Countries by Flag Minefield
6
Find the US States
7
Click the 1999 NBA Draft
8
Match the Book to the Film X
More Science Quizzes
Criteria Numbers (0-10)
Published
Trending Quizzes
Pick 6: Harry Potter
Pick 6: Mountains
Pick 6: NFL Teams
Pick 6: Movie Franchises
Pick 6: Golfers
Recently Updated
Women's Final Four Teams by Year
bhenderson79
Presidents Quartet II
eogle
Anything But Clue(do)
eogle
Anything But Oceanian Capitals
eogle
Anything But 7
eogle
Anything But Thing
eogle
Word Ladder: February 29
pecheneg
Song Title Questions
pecheneg
Women's NCAA Tournament #1 Seeds
pecheneg
Celebrity Mug Shots
pecheneg
Trending Topics
Kpop
Crossword
Anime
Harry Potter
Disney
NBA
Marvel
Country
Puzzle
Pokémon
Soccer
WWE
NFL
Song
The Office
Your Account Isn't Verified!
In order to create a playlist on Sporcle, you need to verify the email address you used during registration. Go to your
Sporcle Settings
to finish the process.
Report this User
Report this user for behavior that violates our
Community Guidelines
.
Details:
Send Report
Go to the Sporcle.com Mobile Site →
Comments